000 01047nam a2200253Ia 4500
008 130821s2008 sp gr spa
020 _a8474269789
040 _aCo-BoUCM
_bspa
041 0 0 _aspa
245 1 0 _aAlerta 2008! informe sobre conflictos, derechos humanos y construcción de paz
_cMaría Cañadas Francesch...[et. al]
246 _aInforme sobre conflictos, derechos humanos y construcción de paz
260 _aBarcelona (España)
_bEscola de Cultura de Pau Icaria Editorial
_c2008
300 _a205 páginas
504 _aIncluye referencias bibliográficas
650 0 4 _aConflicto armado
_y2008
_vInformes
_911564
650 0 4 _aDerechos humanos
_y2008
_vInformes
_97499
650 0 4 _aPaz
_y2008
_vInformes
_921202
650 0 4 _aProblemas sociales
_922324
650 0 4 _aViolencia
_y2008
_vInformes
_9422
700 1 _aCañadas Francesch, María
_9164403
710 _aUniversitat Autònoma de Barcelona.
_bEscola de Cultura de Pau. ECP
_9164404
942 _cLIBRO
_a5
_e1
_mA369
_2DEWEY
_h303.6
999 _c57457
_d57457